000 00629nam a22001817a 4500
005 20251108171858.0
008 250721s1987 xx 000 0 ara d
082 1 4 _a956.07/علي
100 1 _aالمحافظة، علي
245 1 0 _aالحركات الفكرية في عصر النهضة في فلسطين و الأردن :
_bتاريخ الحركات الفكرية في عصر النهضة /
264 1 _aبيروت :
_bالأهلية للنشر و التوزيع،
_c1987.
300 _a251ص
650 1 7 _aالعرب
650 1 7 _aتاريخ
650 1 7 _aعصر النهضة
942 _2ddc
_cBK
999 _c64979
_d64979